[Event "Campeonato de España por Equipos Sub 16"]
[Site "www.feda.org"]
[Date "2010.12.08"]
[Round "6.10"]
[White "Martin Duque, Jesus"]
[Black "Navarro Lopez-Menchero, Daniel"]
[Result "1-0"]
[WhiteElo "2118"]
[BlackElo "2098"]
[PlyCount "49"]

1. e4 c5 2. Nf3 d6 3. d4 cxd4 4. Nxd4 Nf6 5. Nc3 a6 6. Bg5 e6 7. f4 Nc6 8. e5
dxe5 9. Nxc6 Qxd1+ 10. Rxd1 bxc6 11. fxe5 Nd7 12. Ne4 h6 13. Bh4 g5 14. Bg3 Bg7
15. Nd6+ Ke7 16. Nc4 Bb7 17. Be2 c5 18. O-O Bd5 19. Ne3 Bb7 20. Rxd7+ Kxd7 21.
Rxf7+ Kc8 22. Rxg7 Rd8 23. Nc4 Kb8 24. Nb6 Rd2 25. Bf1 1-0

[Event "Campeonato de España por Equipos Sub 16"]
[Site "www.feda.org"]
[Date "2010.12.08"]
[Round "6.12"]
[White "Morona Minguez, Irene"]
[Black "Navaro Lopez-Menchero, Alvaro"]
[Result "1-0"]
[WhiteElo "1920"]
[BlackElo "1413"]
[PlyCount "27"]

1. e4 e5 2. Nf3 d6 3. d4 exd4 4. Nxd4 Nf6 5. Nc3 Be7 6. Bc4 O-O 7. O-O Re8 8.
Bg5 Nbd7 9. f4 h6 10. Bxf6 Nxf6 11. e5 Nd7 12. e6 Rf8 13. exf7+ Rxf7 14. Ne6
1-0

[Event "Campeonato de España por Equipos Sub 16"]
[Site "www.feda.org"]
[Date "2010.12.08"]
[Round "6.13"]
[White "Sanchez Ibern, Marc"]
[Black "Talavera Garcia, Santiago"]
[Result "1-0"]
[WhiteElo "2281"]
[BlackElo "1908"]
[PlyCount "73"]

1. e4 c5 2. Nc3 Nc6 3. Nge2 g6 4. d4 cxd4 5. Nxd4 Bg7 6. Nb3 Nf6 7. Be2 O-O 8.
Bg5 a6 9. a4 d6 10. O-O Be6 11. f4 Qb6+ 12. Kh1 Bxb3 13. cxb3 Na5 14. Ra3 Rac8
15. Bh4 Rxc3 16. bxc3 Nxe4 17. b4 Nc6 18. Be1 e6 19. Bf3 d5 20. Bxe4 dxe4 21.
Qe2 f5 22. Bf2 Qc7 23. Qc4 Qf7 24. Bc5 Rc8 25. Rd1 g5 26. Ra2 gxf4 27. Rad2 e5
28. Qxf7+ Kxf7 29. Rd7+ Kg6 30. Rxb7 Rd8 31. Rxd8 Nxd8 32. Rb6+ Kh5 33. b5 axb5
34. a5 e3 35. a6 Bf8 36. Rxb5 Bxc5 37. Rxc5 1-0

[Event "Campeonato de España por Equipos Sub 16"]
[Site "www.feda.org"]
[Date "2010.12.08"]
[Round "6.14"]
[White "Piriz Fernandez, Daniel"]
[Black "Tallo Dominguez, Imar"]
[Result "0-1"]
[WhiteElo "1907"]
[BlackElo "2215"]
[PlyCount "109"]

1. d4 Nf6 2. Nf3 c5 3. d5 b5 4. c4 bxc4 5. Nc3 d6 6. Nd2 g6 7. e4 Nbd7 8. Nxc4
Bg7 9. f4 Nb6 10. Be2 Nxc4 11. Bxc4 O-O 12. O-O Rb8 13. Rb1 Rb4 14. b3 Ng4 15.
Ne2 f5 16. h3 Nf6 17. e5 dxe5 18. fxe5 Ne4 19. Bb2 Kh8 20. Qc2 Qc7 21. Nc3 Nxc3
22. Bxc3 Rb8 23. Rbe1 Bb7 24. Qb2 Qc8 25. e6 Bxc3 26. Qxc3+ Kg8 27. d6 Qc6 28.
Qg3 f4 29. dxe7 Rf5 30. Qf3 Qxf3 31. gxf3 Re8 32. Rd1 Rxe7 33. Rd7 Kf8 34. Rfd1
Bc6 35. Rd8+ Re8 36. R8d6 Bxf3 37. Rf1 Be4 38. Re1 Rg5+ 39. Kf2 Re5 40. Rd7 Re7
41. Rxe7 Kxe7 42. Bd3 Kxe6 43. Bxe4 Kf6 44. Kf3 Rh5 45. Rc1 Rxh3+ 46. Kxf4 g5+
47. Kg4 Rh4+ 48. Kf3 Rh3+ 49. Kg2 Rh4 50. Bf3 Rd4 51. Kg3 Rd2 52. Rxc5 Rxa2 53.
Kg4 Rb2 54. Bd5 Rd2 55. Bc4 0-1

[Event "Campeonato de España por Equipos Sub 16"]
[Site "www.feda.org"]
[Date "2010.12.08"]
[Round "6.15"]
[White "Martinez Ramirez, Erik"]
[Black "Simon Escalona, Jorge"]
[Result "1-0"]
[WhiteElo "2191"]
[BlackElo "1734"]
[PlyCount "65"]

1. e4 e5 2. Nf3 Nc6 3. d4 exd4 4. Nxd4 Bc5 5. Be3 Qf6 6. c3 Nge7 7. Bc4 Ne5 8.
Be2 d6 9. O-O O-O 10. f4 N5c6 11. Kh1 Bd7 12. Qd2 Bb6 13. Na3 Nxd4 14. cxd4 Nc6
15. Rad1 Rfe8 16. Bf3 a6 17. Nc4 Ba7 18. d5 Bxe3 19. Nxe3 Ne7 20. g3 Ng6 21.
Rc1 Rac8 22. Qb4 b5 23. Rc3 c5 24. dxc6 Rxc6 25. Nd5 Qd8 26. Rfc1 a5 27. Qd4
Rxc3 28. Rxc3 b4 29. Rc1 Bc8 30. Ne3 Bb7 31. Nf5 f6 32. Qxd6 Qa8 33. Qd7 1-0

[Event "Campeonato de España por Equipos Sub 16"]
[Site "www.feda.org"]
[Date "2010.12.08"]
[Round "6.16"]
[White "Salas Lloret, Daniel"]
[Black "Shatko, Danil"]
[Result "0-1"]
[WhiteElo "1500"]
[BlackElo "2045"]
[PlyCount "107"]

1. e4 e6 2. d4 d5 3. exd5 exd5 4. Nf3 Bd6 5. c4 c6 6. Nc3 Nf6 7. Bd3 O-O 8. O-O
h6 9. Qb3 dxc4 10. Bxc4 Nbd7 11. Be3 Nb6 12. Bd3 Be6 13. Qc2 Nbd5 14. Qd2 Re8
15. Rfe1 Bg4 16. Be2 Bf5 17. h3 Ne4 18. Qc1 Nexc3 19. bxc3 Nxe3 20. fxe3 Bg3
21. Rf1 Qe7 22. Ne5 Bxe5 23. Rxf5 Bf6 24. Rf3 Bg5 25. Bc4 Bxe3+ 26. Rxe3 Qxe3+
27. Qxe3 Rxe3 28. Rf1 Rf8 29. Rc1 Rfe8 30. Kh2 g6 31. d5 cxd5 32. Bxd5 b6 33.
Bb3 Rc8 34. Rf1 Rc7 35. c4 Kg7 36. Rd1 Re5 37. Kg3 Re4 38. Kh2 Rexc4 39. Bxc4
Rxc4 40. Rd7 Ra4 41. Rd2 Ra3 42. Kg1 h5 43. Kf1 h4 44. Kf2 g5 45. Ke2 b5 46.
Kd1 f6 47. Kc1 a5 48. Rb2 b4 49. Kb1 Kg6 50. Rb3 Rxb3+ 51. axb3 Kf5 52. Kc2 Kf4
53. Kd3 Kg3 54. Kd4 0-1